000 02739cam a2200349 4500500
005 20260111094615.0
041 _afre
042 _adc
100 1 0 _aPourchasse, Pierrick
_eauthor
245 0 0 _aDe Libau à Roscoff
260 _c2011.
500 _a85
520 _aRésuméAu cours de la période moderne, la graine de lin en provenance des provinces baltes est considérée comme une semence de qualité supérieure et devient indispensable à l’agriculture de l’Europe occidentale. La Bretagne, une des plus importantes provinces toilières de France, importe de grandes quantités de graines du port de Libau en Courlande. Les importations bretonnes sont totalement contrôlées par les négociants du port de Lübeck qui font ainsi de confortables bénéfices. Le coût élevé des semences est l’une des raisons expliquant le déclin de la production des toiles bretonnes au xviiie siècle.
520 _aDuring early modern times the flax seeds from the Baltic countries were considered high quality seeds and became indispensable to Western European agriculture. Brittany was one of the major provinces for textile manufactures in France and this region imported large quantities of seeds from the port of Libau in Courland. The Britton imports were entirely controlled by merchants from the port of Lübeck, which thus made comfortable profits. The high prices for seeds is one of the reasons which explains the decline in the production of Britton textile in the 17th century.
520 _aResumenA lo largo de la época moderna, la linaza procedente de las provincias bálticas se consideraba como una semilla de calidad superior y llegó a ser imprescindible para la agricultura de la Europa occidental. Bretaña, una de la provincias teleras francesas más importantes, importa grandes cantidades de semillas desde el puerto de Libau en Curlandia. Las importaciones bretonas las controlan enteramente los mercaderes del puerto de Lübeck, con beneficios respetables. El coste elevado de las semillas es una de las causas del declive de la producción de telas bretonas en el siglo xvii.
690 _aBretagne
690 _acommerce
690 _agraines de lin
690 _anégociants
690 _aproduction textile
690 _aprovinces baltiques
690 _atransport maritime
690 _aBaltic countries
690 _aBrittany
690 _aflax seeds
690 _amerchants
690 _ashipping
690 _atextile production
690 _atrade
786 0 _nHistoire & Sociétés Rurales | 34 | 2 | 2011-03-01 | p. 53-78 | 1254-728X
856 4 1 _uhttps://shs.cairn.info/revue-histoire-et-societes-rurales-2010-2-page-53?lang=fr&redirect-ssocas=7080
999 _c1628912
_d1628912